| 000 | 00428nam a2200145Ia 4500 | ||
|---|---|---|---|
| 008 | 231217s9999 xx 000 0 und d | ||
| 041 | _aEnglish | ||
| 082 | _a658.5 SUR;2 | ||
| 100 | _aSuresha, C N | ||
| 245 | 0 | _aOperations management : for VII sem. ME/IP/IM/MA as per VTU new syllabus | |
| 260 |
_c2006 _bSubhas Stores _aBangalore |
||
| 300 | _a137 | ||
| 650 | _aOperations,management,:,VII,sem.,ME/IP/IM/MA | ||
| 942 | _cAA | ||
| 999 |
_c179097 _d179097 |
||